000 00537cam a22002051 4500
001 sa 68015394
003 DLC
005 20260227112643.0
008 750421s1962 xx ac 000 0 ind
010 _asa 68015394
035 _a(OCoLC)1289263
040 _aDLC
_cCtY
_dWU
_dDLC
042 _apremarc
050 0 0 _aU660.I5
_bA65
110 2 _aAkademi Militer Nasional.
245 1 0 _aAkademi Militer Nasional Indonesia, tahun 1962.
260 _a[n p.,
_c1962]
300 _a43 p.
_billus., ports.
_c23 cm.
500 _a"Buku AKMIL."
999 _c86415
_d86415